00944nam a22002657a 4500001001000000003000500010005001700015008004100032010001000073011001100083020001800094035001100112040000900123082001500132245016200147260015200309300003000461650001500491650001900506650001700525650002800542650003100570650004200601700003500643000102646CHAP20220817044352.0100820s2008 mx a r 00010 spa d a99109 a100081 a9786071200341 a110767 cCHAP14a337.3bA3903aLa alianza para la seguridad y prosperidad de América del Norte :bnuevo desafío a la nación Mexicana /c/ compilado por Juan Manuel Sandoval Palacios. aChapingo, Méx. :bUACH. Programa universitario de investigación y servicio en problemas económico sociales del sector agroalimentario,c2008. a127 p. :bilus., cuadros.14aDictadura.14aEnergéticos.14aMilitarismo.14aPolítica económica.14aPrivatizaciónxMéxico.14aTratado Trilateral de Libre Comercio.1 aSandoval Palacios, Juan Manuel